000 00258nam a22001097a 4500
008 180801b xxu||||| |||| 00| 0 eng d
082 _a813.52
245 _aUnderstanding childhood cancer
_cSavvy
300 _a1
_fCD
440 _x0968727611
942 _2ddc
_cMX
999 _c46699
_d46699